Pre ďalší rozvoj kraja Zo zasadania rady Stredoslovenského KNV

Bibliographic Details
Main Author: Janečko, Martin (Author)
Format: Article
Language:Slovak
Subjects:

MARC

LEADER 00000nab a2200000 a 4500
001 vtls000355734
003 SK-MaSNL
005 20260305042338.0
008 111201c1989 xo 0 slo
015 |a SNBRB19rr/mm-uuuuu 
035 |a CL0355856 
040 |a SNKBUCL  |b slo  |c SNKBUCL  |e AACR2 
041 0 |a slo 
044 |a xo  |c SK 
080 |a 353.2  |2 1981 
100 1 |a Janečko, Martin  |4 aut  |9 926009 
245 1 0 |a Pre ďalší rozvoj kraja  |b Zo zasadania rady Stredoslovenského KNV  |c Martin Janečko 
650 0 7 |a výbory národné krajské  |2 snkbucl  |9 921743 
651 7 |a 5301  |2 snkbucl  |9 893756 
651 7 |a Stredoslovenský kraj (Slovensko)  |2 snkbucl  |9 161135 
655 7 |a články z novín a časopisov  |2 snkbucl  |9 267496 
773 0 |t Smer  |g Roč. 41, č. 120 (24. 5. 1989), s. 1-2 
850 |a Slovenská národná knižnica v Martine  |a MTA001 
852 |a SNK  |b KIS3GCP 
958 |a RK 
992 |a RBX 
999 |c 3348549  |d 3350479